Statistiche per Paesi più visitati in Africa

Clicka qui per fare il quiz!

Statistiche generali

  • Questo quiz è stato fatto 219 volte
  • Il punteggio medio è 7 su 10

Statistiche sulle risposte

Turisti (nel 2016)Paese% Corretto
5.3 millionEgitto
99%
10.3 millionMarocco
99%
10.0 millionSudafrica
97%
5.7 millionTunisia
88%
2.0 millionAlgeria
85%
1.9 millionNigeria
64%
1.5 millionNamibia
43%
1.6 millionCosta d'Avorio
34%
1.6 millionMozambico
30%
2.2 millionZimbabwe
20%

Distribuzione punteggi

Percentile per numero di risposta

Percentuale di utenti per punteggio

I tuoi punteggi nel tempo

Non hai fatto questo quiz